[Event "RUS"]
[Site "?"]
[Date "2006.04.25"]
[Round "6"]
[White "Shirov Alexei"]
[Black "Erenburg Sergey"]
[Result "1/2-1/2"]
[WhiteElo "2699"]
[BlackElo "2554"]
[PlyCount "73"]
[EventDate "2006.??.??"]
[Source "www.chesslib.no"]
[SourceDate "2004.05.04"]

1. e4 e5 2. Nf3 Nf6 3. Nc3 Nc6 4. Bb5 Bb4 5. O-O O-O 6. d3 d6 7. Bg5 Bxc3 8. bxc3 Qe7 9. Re1 h6 10. Bh4 a6 11. Bxc6 bxc6 12. d4 Bg4 13. Qd3 Bxf3 14. Qxf3 g5 15. Bg3 Nd7 16. Rab1 Nb6 17. h4 f6 18. hxg5 hxg5 19. c4 exd4 20. c5 dxc5 21. e5 Nd5 22. exf6 Qxf6 23. Qh5 Nf4 24. Bxf4 Qxf4 25. f3 Rab8 26. Rbd1 Rf7 27. Re4 Rh7 28. Qg6+ Rg7 29. Qe6+ Qf7 30. Qxc6 g4 31. Rde1 gxf3 32. Re8+ Kh7 33. Qe4+ Rg6 34. Qh4+ Rh6 35. Qe4+ Rg6 36. Qh4+ Rh6 37. Qe4+ 1/2-1/2

[Event "tt"]
[Site "?"]
[Date "1997.??.??"]
[Round "6"]
[White "Nijboer Friso"]
[Black "Kortschnoj Viktor"]
[Result "1-0"]
[WhiteElo "2555"]
[BlackElo "2635"]
[PlyCount "99"]
[EventDate "1997.??.??"]
[Source "www.chesslib.no"]
[SourceDate "2004.05.04"]

1. e4 e5 2. Nf3 Nc6 3. Bb5 Nf6 4. Nc3 Bb4 5. O-O O-O 6. d3 d6 7. Bg5 Bxc3 8. bxc3 Ne7 9. Nh4 Nd7 10. d4 f6 11. Be3 Nb6 12. a4 Be6 13. Qe2 a5 14. Rfd1 Nd7 15. Rab1 b6 16. f4 exf4 17. Bxf4 g5 18. Nf5 Nxf5 19. exf5 Bxf5 20. Bg3 Kg7 21. Rf1 Bg6 22. h4 h6 23. Bc6 Rb8 24. Qb5 Rf7 25. Rbe1 f5 26. Bd5 Rf8 27. hxg5 hxg5 28. Be6 f4 29. Bf2 Be8 30. Qd3 c6 31. Qf3 d5 32. Qg4 Rh8 33. c4 Bh5 34. Qf5 Bg6 35. Qg4 Rb7 36. cxd5 cxd5 37. c4 Rh5 38. Bxd5 Nf6 39. Qe6 Bf7 40. Qf5 Qh8 41. g4 Nxg4 42. Qxg4 Bxd5 43. cxd5 Qh7 44. Qg2 Rf7 45. Bg3 Kf8 46. d6 Qh6 47. Qd5 Rh3 48. Re3 Qh5 49. d7 Rxd7 50. Qxd7 1-0

[Event "MK Cafe Cup-A"]
[Site "Koszalin"]
[Date "1998.08.12"]
[Round "10"]
[White "Sutovsky, Emil"]
[Black "Hracek, Zbynek"]
[Result "1/2-1/2"]
[WhiteElo "2575"]
[BlackElo "2615"]
[PlyCount "91"]
[EventDate "1998.08.03"]
[Source "ChessBase"]
[SourceDate "1998.09.09"]

1. e4 e5 2. Nf3 Nf6 3. Nc3 Nc6 4. Bb5 Bb4 5. O-O O-O 6. d3 d6 7. Bg5 Bxc3 8. bxc3 Qe7 9. Re1 Nd8 10. d4 Ne6 11. Bc1 Rd8 12. Nh4 Bd7 13. Nf5 Qe8 14. Bc4 Nf4 15. Bxf4 exf4 16. Qf3 Bxf5 17. exf5 Qc6 18. Qxc6 bxc6 19. Re7 Nd5 20. Bxd5 cxd5 21. Rxc7 Rdc8 22. Rd7 Rxc3 23. Re1 Rxc2 24. Rxa7 Rcc8 25. Rxa8 Rxa8 26. a4 Kf8 27. Ra1 Ke7 28. a5 Kf6 29. Kf1 Kxf5 30. Ke2 Ke6 31. a6 Kd7 32. Kf3 Kc6 33. Ra5 Kb6 34. Rxd5 Rd8 35. Rg5 g6 36. a7 f6 37. Rd5 Kxa7 38. Rb5 Rb8 39. Rxb8 Kxb8 40. Kxf4 Kc7 41. Ke4 Kc6 42. Kd3 d5 43. Kc3 Kb5 44. Kb3 h5 45. f3 g5 46. g4 1/2-1/2

[Event "Moscow"]
[Site "?"]
[Date "2004.??.??"]
[Round "?"]
[White "Alavkin, A."]
[Black "Aleksandrov, A."]
[Result "1-0"]
[WhiteElo "2490"]
[BlackElo "2675"]
[PlyCount "57"]
[EventDate "2004.??.??"]
[Source "Chess Informant"]
[SourceDate "2004.06.01"]

1. e4 e5 2. Nf3 Nc6 3. Bb5 Nf6 4. Nc3 Bb4 5. O-O O-O 6. d3 Bxc3 7. bxc3 d6 8. Bg5 Ne7 9. Nh4 Ne8 10. Bc4 Kh8 11. Qh5 f6 12. f4 d5 13. Bxd5 g6 14. Qh6 Ng7 15. fxe5 fxg5 16. Rxf8+ Qxf8 17. Rf1 Bf5 18. exf5 Ngxf5 19. Nxf5 Nxd5 20. Qxf8+ Rxf8 21. c4 Nc3 22. Nd4 Rxf1+ 23. Kxf1 Nxa2 24. Nb5 Nb4 25. Nxa7 Nxc2 26. Nb5 c6 27. Nd6 Kg7 28. Nxb7 Ne3+ 29. Kg1 1-0

[Event "EUCup final"]
[Site "Solingen"]
[Date "1991.??.??"]
[Round "2"]
[White "Short, Nigel D"]
[Black "Tukmakov, Vladimir B"]
[Result "1/2-1/2"]
[WhiteElo "2635"]
[BlackElo "2520"]
[PlyCount "60"]
[EventDate "1991.03.??"]
[Source "ChessBase"]

1. e4 e5 2. Nc3 Nf6 3. Nf3 Nc6 4. Bb5 Bb4 5. O-O O-O 6. d3 d6 7. Bg5 Bxc3 8. bxc3 Qe7 9. Re1 Nd8 10. d4 Ne6 11. Bc1 Rd8 12. Bf1 c5 13. g3 Qc7 14. d5 Nf8 15. Bg5 Qe7 16. Nh4 h6 17. Bc1 g5 18. Ng2 Ng6 19. f3 Kh8 20. Ne3 Rg8 21. c4 Bd7 22. Rb1 b6 23. Nf5 Bxf5 24. exf5 Nf8 25. Bd3 N8d7 26. Kf2 Rae8 27. Bd2 Qf8 28. Bc3 Qg7 29. Kg2 h5 30. h3 h4 1/2-1/2

[Event "Mind Sports Games - Rapid Ind"]
[Site "Pechino CINA"]
[Date "2008.10.05"]
[Round "1"]
[White "Leon Hoyos, M."]
[Black "Zhou Jianchao"]
[Result "0-1"]
[WhiteElo "2535"]
[BlackElo "2612"]
[PlyCount "104"]
[EventDate "2008.10.05"]
[Source "www.chesslib.no"]
[SourceDate "2004.05.04"]

1. e4 e5 2. Nf3 Nf6 3. Nc3 Nc6 4. Bb5 Bb4 5. O-O O-O 6. d3 d6 7. Bg5 Bxc3 8. bxc3 Nb8 9. d4 c6 10. Bc4 Nbd7 11. Bh4 Qa5 12. Qe1 Re8 13. Bb3 exd4 14. cxd4 Qh5 15. Bxf6 Nxf6 16. Nd2 Be6 17. f3 c5 18. d5 Bxd5 19. Qg3 Bxb3 20. axb3 d5 21. exd5 Qxd5 22. Nc4 Nh5 23. Qg4 Qd4+ 24. Kh1 Qxg4 25. fxg4 Nf6 26. Nd6 Re7 27. g5 Ne8 28. Nf5 Rd7 29. Rad1 Rad8 30. Ra1 b6 31. h4 a5 32. Rae1 Kf8 33. h5 Nd6 34. Nh4 Kg8 35. Re5 Nb5 36. Rfe1 Kf8 37. h6 g6 38. Kh2 Nd4 39. Rf1 Nxc2 40. Rf6 Rd6 41. Nf3 Nd4 42. Nd2 Rxf6 43. gxf6 Nf5 44. Nc4 Nxh6 45. Kh3 Ng8 46. Nxb6 Nxf6 47. Rxc5 Rd3+ 48. g3 Rxg3+ 49. Kxg3 Ne4+ 50. Kf4 Nxc5 51. Ke5 Kg7 52. Kd5 Nxb3 0-1

[Event "Elista ol (Men)"]
[Site "Elista"]
[Date "1998.10.06"]
[Round "8"]
[White "Istratescu, Andrei"]
[Black "Alterman, Boris"]
[Result "1/2-1/2"]
[WhiteElo "2540"]
[BlackElo "2600"]
[PlyCount "49"]
[EventDate "1998.09.29"]
[Source "ChessBase"]
[SourceDate "1998.11.06"]

1. e4 e5 2. Nf3 Nf6 3. Nc3 Nc6 4. Bb5 Bb4 5. O-O O-O 6. Bxc6 dxc6 7. Nxe5 Bxc3 8. dxc3 Nxe4 9. Bf4 Be6 10. Re1 Qxd1 11. Rb1 Qc1 12. Rbxc1 Nd6 13. Rcd1 Rac8 14. Nd3 Rce8 15. f3 Bf5 16. Kf2 f6 17. Rxe8 Rxe8 18. Nc5 Re7 19. Rd2 h5 20. b3 Kf7 21. h4 a5 22. c4 b6 23. Na4 Nb7 24. a3 Ke8 25. b4 1/2-1/2

[Event "Mind Sports Games - Blitz Team KO"]
[Site "Pechino CINA"]
[Date "2008.10.14"]
[Round "2.2"]
[White "Kravtsiv, M."]
[Black "Sandipan, C."]
[Result "1-0"]
[WhiteElo "2549"]
[BlackElo "2579"]
[PlyCount "57"]
[EventDate "2008.10.13"]
[Source "www.chesslib.no"]
[SourceDate "2004.05.04"]

1. e4 e5 2. Nf3 Nc6 3. Bb5 Nf6 4. Nc3 Bb4 5. O-O O-O 6. d3 Bxc3 7. bxc3 d6 8. Bg5 Qe7 9. Re1 Bd7 10. d4 Rae8 11. Rb1 Kh8 12. h3 h6 13. Bxf6 gxf6 14. d5 Nd8 15. Nh4 Rg8 16. Qh5 Kh7 17. Nf5 Bxf5 18. Qxf5+ Rg6 19. Bxe8 Qxe8 20. Re3 Qa4 21. Rf1 Qxc2 22. h4 Kg7 23. Qd7 Qxa2 24. Qxd8 Qc4 25. h5 Rg5 26. Rf3 f5 27. Rxf5 Rxf5 28. exf5 Qf4 29. Qxc7 1-0

[Event "Yerevan ol (Men)"]
[Site "Yerevan"]
[Date "1996.??.??"]
[Round "6"]
[White "Stanec, Nikolaus"]
[Black "Rozentalis, Eduardas"]
[Result "0-1"]
[WhiteElo "2505"]
[BlackElo "2610"]
[PlyCount "132"]
[EventDate "1996.09.??"]
[Source "www.chesslib.no"]
[SourceDate "2004.05.04"]

1. e4 e5 2. Nf3 Nf6 3. Nc3 Nc6 4. Bb5 Bb4 5. d3 Qe7 6. Bxc6 dxc6 7. Bd2 O-O 8. a3 Bd6 9. Bg5 h6 10. Bh4 Qe6 11. O-O Nh5 12. Bg3 Nxg3 13. hxg3 Qg6 14. Nh4 Qg5 15. Qe1 Bc5 16. Nf3 Qh5 17. Na4 Bd6 18. Nh2 Bd7 19. Qd1 Qg6 20. Re1 Rae8 21. g4 Re6 22. Re3 Rfe8 23. Rh3 b5 24. Nc3 Bc5 25. Qe2 Rf6 26. Nd1 Rf4 27. Ne3 a6 28. f3 Qg5 29. Rh5 Rxf3 30. Qxf3 Qxe3+ 31. Qxe3 Bxe3+ 32. Kh1 Bf4 33. Rh3 f6 34. Rf3 Bxh2 35. Kxh2 Bxg4 36. Rf2 Rd8 37. Kg3 Be6 38. Kf3 a5 39. Ke3 a4 40. Rd2 c5 41. c3 Re8 42. Re1 Kf7 43. Rf2 Bb3 44. Rd2 Kg6 45. Rf2 h5 46. Rh1 Rd8 47. Rd2 Rd7 48. Rf2 c6 49. Rd2 Kg5 50. Rf2 Be6 51. Rd2 h4 52. Rf2 g6 53. Rd2 Kg4 54. Re1 Rd6 55. Kf2 Kf4 56. Rh1 Kg5 57. Rhd1 Bg4 58. Re1 Rd8 59. Ke3 f5 60. exf5 gxf5 61. Kf2 Rd5 62. Ke3 f4+ 63. Kf2 Bf5 64. Ke2 Kg4 65. c4 bxc4 66. dxc4 Rd4 0-1

[Event "Staufer op 12th"]
[Site "Schwaebisch Gmuend"]
[Date "2000.??.??"]
[Round "8"]
[White "Grund, Holger"]
[Black "Jussupow, Artur"]
[Result "1/2-1/2"]
[WhiteElo "2480"]
[BlackElo "2635"]
[PlyCount "54"]
[EventDate "2000.01.02"]
[Source "ChessBase"]
[SourceDate "2000.03.10"]

1. e4 e5 2. Nf3 Nf6 3. Nc3 Nc6 4. Bb5 Bb4 5. O-O O-O 6. d3 d6 7. Bg5 Bxc3 8. bxc3 Bd7 9. d4 Ne7 10. Bxd7 Nxd7 11. dxe5 dxe5 12. Nxe5 Nxe5 13. Qxd8 Rfxd8 14. Bxe7 Rd7 15. Bh4 f6 16. Rfd1 Rad8 17. Rxd7 Rxd7 18. f3 Nc4 19. Be1 Na3 20. Rc1 Rd6 21. Bg3 Rc6 22. Rd1 Rxc3 23. e5 Rc6 24. Rd7 Nxc2 25. exf6 gxf6 26. Bxc7 b5 27. Bf4 a5 1/2-1/2

[Event "Balatonlelle 85/306"]
[Site "?"]
[Date "2002.??.??"]
[Round "?"]
[White "Acs, P."]
[Black "Greenfeld, A."]
[Result "1-0"]
[WhiteElo "2529"]
[BlackElo "2574"]
[PlyCount "109"]
[EventDate "2002.??.??"]
[Source "Chess Informant"]
[SourceDate "2002.06.01"]

1. e4 e5 2. Nf3 Nf6 3. Nc3 Nc6 4. Bb5 Bb4 5. O-O O-O 6. d3 d6 7. Bg5 Bxc3 8. bxc3 h6 9. Bh4 Bd7 10. Rb1 a6 11. Ba4 Rb8 12. Bb3 Qe7 13. Re1 Na5 14. d4 Rbd8 15. Qc1 Bg4 16. Qa3 Nxb3 17. dxe5 g5 18. exf6 Qxf6 19. Bg3 Nc5 20. e5 Qg6 21. exd6 cxd6 22. Ne5 dxe5 23. Qxc5 Qxc2 24. h3 Be6 25. Bxe5 b5 26. Bd4 Qf5 27. Qb6 Bxa2 28. Rb2 Be6 29. Qxa6 Ra8 30. Qxb5 Qxb5 31. Rxb5 Rfb8 32. Rbe5 Ra6 33. h4 gxh4 34. Rh5 Ba2 35. Re4 Rg6 36. Rexh4 Be6 37. Rxh6 Rb1+ 38. Kh2 Rxh6 39. Rxh6 Kf8 40. Bf6 Ke8 41. Rh8+ Kd7 42. Rd8+ Kc6 43. Rd2 Bd5 44. g4 Rh1+ 45. Kg3 Rg1+ 46. Kf4 Be6 47. g5 Re1 48. Bd4 Ra1 49. Re2 Kd7 50. Re5 Rg1 51. Ra5 Kc6 52. Be3 Kd6 53. Ra6+ Kd5 54. c4+ Kxc4 55. Rxe6 1-0

[Event "Winterthur"]
[Site "Winterthur"]
[Date "1996.??.??"]
[Round "7"]
[White "Gallagher, Joseph G"]
[Black "Hjartarson, Johann"]
[Result "1/2-1/2"]
[WhiteElo "2530"]
[BlackElo "2565"]
[PlyCount "23"]
[EventDate "1996.09.??"]
[Source "ChessBase"]

1. e4 e5 2. Nc3 Nc6 3. Nf3 Nf6 4. Bb5 Bb4 5. O-O O-O 6. d3 d6 7. Bg5 Bxc3 8. bxc3 Qe7 9. Re1 Nd8 10. d4 Ne6 11. Bc1 c5 12. a4 1/2-1/2

[Event "BL2-West 0304"]
[Site "Germany"]
[Date "2004.??.??"]
[Round "?.1"]
[White "Goloshchapov, Alexander"]
[Black "Pedersen, Nicolai Vesterbaek"]
[Result "1/2-1/2"]
[WhiteElo "2570"]
[BlackElo "2525"]
[PlyCount "49"]
[EventDate "2003.10.??"]
[Source "Roberto Alvarez"]
[SourceDate "2004.07.26"]

1. e4 e5 2. Nf3 Nc6 3. Bb5 Nf6 4. Nc3 Bb4 5. O-O O-O 6. d3 Bxc3 7. bxc3 d6 8. Bg5 Qe7 9. Re1 Nd8 10. d4 Ne6 11. Bc1 Rd8 12. Bf1 c5 13. d5 Nf8 14. g3 Ng6 15. h4 h6 16. Nh2 Qd7 17. a4 Nh7 18. Bd3 Ne7 19. g4 Ng6 20. h5 Nf4 21. Bxf4 exf4 22. Qd2 Ng5 23. Kh1 f3 24. Qf4 f6 25. a5 1/2-1/2

[Event "Cap d'Agde"]
[Site "Cap d'Agde"]
[Date "1994.??.??"]
[Round "6.1"]
[White "Hamdouchi, Hichem"]
[Black "Xu Jun"]
[Result "1-0"]
[WhiteElo "2530"]
[BlackElo "2560"]
[PlyCount "97"]
[EventDate "1994.10.??"]
[Source "ChessBase"]

1. e4 e5 2. Nf3 Nc6 3. Nc3 Nf6 4. Bb5 Bb4 5. d3 d6 6. O-O Bxc3 7. bxc3 O-O 8. Bg5 Qe7 9. Re1 Nd8 10. d4 Ne6 11. Bc1 c5 12. Bd3 Nc7 13. Nh4 b5 14. a4 c4 15. Bf1 Nxe4 16. Rxe4 f5 17. Re1 Qxh4 18. dxe5 dxe5 19. Qd6 Qd8 20. Ba3 Re8 21. Rxe5 Be6 22. axb5 Rb8 23. Rb1 Rb6 24. Qxd8 Rxd8 25. Bc5 Rb7 26. Bxa7 Nxb5 27. Rxe6 Rxa7 28. Rxb5 Rd1 29. Rxf5 g6 30. Rf4 Raa1 31. g3 Rxf1+ 32. Kg2 Rg1+ 33. Kf3 Rgc1 34. Re8+ Kg7 35. Re7+ Kg8 36. Rxc4 Ra8 37. Rcc7 Rxc2 38. Rg7+ Kf8 39. Rxh7 Kg8 40. Rcg7+ Kf8 41. Rxg6 Raa2 42. Kg4 Rxf2 43. h4 Ra4+ 44. Kh3 Rc4 45. Rb6 Kg8 46. Ra7 Rf8 47. Rbb7 Rfc8 48. Rg7+ Kf8 49. h5 1-0

[Event "Memorial A. Kotov"]
[Site "Tula (Russia)"]
[Date "2007.07.04"]
[Round "7"]
[White "Castaneda Georgui (PER)"]
[Black "Afromeev Vladimir (RUS)"]
[Result "1/2-1/2"]
[WhiteElo "2457"]
[BlackElo "2628"]
[PlyCount "45"]
[EventDate "2007.??.??"]
[Source "www.chesslib.no"]
[SourceDate "2004.05.04"]

1. e4 e5 2. Nf3 Nf6 3. Nc3 Nc6 4. Bb5 Bb4 5. O-O O-O 6. d3 d6 7. Ne2 Ne7 8. c3 Ba5 9. Ng3 c6 10. Ba4 Ng6 11. d4 Re8 12. h3 exd4 13. Nxd4 Bc7 14. Bc2 d5 15. exd5 Nxd5 16. Ngf5 Qf6 17. Qg4 h6 18. Qf3 Ndf4 19. Bxf4 Nxf4 20. Rfe1 Bd7 21. Ng3 Rad8 22. Rad1 Rxe1+ 23. Rxe1 1/2-1/2

[Event "ol <Fri"]
[Site "Thessaloniki ol <Fri"]
[Date "1988.??.??"]
[Round "5"]
[White "Campora, Daniel H"]
[Black "Anand, Viswanathan"]
[Result "0-1"]
[WhiteElo "2540"]
[BlackElo "2520"]
[PlyCount "64"]
[EventDate "1988.??.??"]
[Source "www.chesslib.no"]
[SourceDate "2004.05.04"]

1. e4 e5 2. Nf3 Nf6 3. Nc3 Nc6 4. Bb5 Bb4 5. O-O O-O 6. d3 d6 7. Bg5 Bxc3 8. bxc3 h6 9. Bh4 Bd7 10. d4 Qe7 11. Re1 a6 12. Bd3 Kh8 13. d5 Nb8 14. Nd2 g5 15. Bg3 b6 16. Nc4 a5 17. Ne3 Na6 18. Qf3 Nc5 19. Nf5 Bxf5 20. Qxf5 Rg8 21. Qf3 h5 22. h4 Ng4 23. Qf5 Nh6 24. Qf3 g4 25. Qe3 Rg6 26. Kh2 Rf8 27. f4 gxf3 28. Re2 Nxd3 29. Rg1 Qf6 30. Rh1 Rd8 31. Qf4 Rb8 32. Ra1 Nb2 0-1

[Event "Goodricke 12th op"]
[Site "Calcutta"]
[Date "2001.02.10"]
[Round "5"]
[White "Gallagher, Joseph G"]
[Black "Sorokin, Maxim"]
[Result "1-0"]
[WhiteElo "2519"]
[BlackElo "2538"]
[PlyCount "85"]
[EventDate "2001.02.06"]
[Source "ChessBase"]
[SourceDate "2001.05.17"]

1. e4 e5 2. Nf3 Nf6 3. Nc3 Nc6 4. Bb5 Bb4 5. O-O O-O 6. d3 d6 7. Bg5 Bxc3 8. bxc3 Qe7 9. Re1 Nd8 10. d4 Ne6 11. Bc1 Rd8 12. Bf1 Nf8 13. Nh4 Nxe4 14. Rxe4 f5 15. Nxf5 Bxf5 16. Re1 Qf6 17. Qf3 b6 18. Qg3 Re8 19. Bg5 Qf7 20. dxe5 Rxe5 21. Rxe5 dxe5 22. Qxe5 h6 23. Bf4 c5 24. Qe2 Re8 25. Qd2 Be6 26. Bb5 Bd7 27. Bd3 Bf5 28. Bb5 Bd7 29. Bd3 Bf5 30. Be2 Kh7 31. Bg3 Qg6 32. Bb5 Rc8 33. Re1 Qf7 34. Qf4 Ng6 35. Qf3 Qf6 36. h4 Rf8 37. h5 Ne7 38. Be5 Qg5 39. Bd6 Qd2 40. Rd1 Qg5 41. Bd3 g6 42. hxg6+ Kxg6 43. Re1 1-0

[Event "YUG-chT playoff"]
[Site "?"]
[Date "1998.??.??"]
[Round "2"]
[White "Markovic Miroslav"]
[Black "Ivanovic Bozidar"]
[Result "0-1"]
[WhiteElo "2540"]
[BlackElo "2515"]
[PlyCount "144"]
[EventDate "1998.??.??"]
[Source "www.chesslib.no"]
[SourceDate "2004.05.04"]

1. e4 e5 2. Nf3 Nf6 3. Nc3 Nc6 4. Bb5 Bb4 5. O-O O-O 6. d3 Bxc3 7. bxc3 d6 8. Bg5 Ne7 9. Nh4 Nd7 10. Bc4 Kh8 11. d4 f6 12. Be3 g5 13. Nf3 Ng6 14. Bb3 Qe7 15. Nd2 Rd8 16. Re1 c5 17. a4 Ndf8 18. Nf1 Ne6 19. Ng3 Ng7 20. a5 Nf4 21. Bc4 Qc7 22. dxc5 dxc5 23. Qc1 h5 24. Qa3 h4 25. Nf1 Be6 26. Bb5 Rac8 27. a6 b6 28. Red1 Qf7 29. Nd2 Rd6 30. Bxf4 gxf4 31. Nf3 Rxd1+ 32. Rxd1 h3 33. Ne1 hxg2 34. Be2 Qe8 35. Nxg2 Rd8 36. Qc1 Bh3 37. Nh4 Ne6 38. Rxd8 Qxd8 39. Kh1 Ng5 40. f3 Kg7 41. Qe1 Qd7 42. Bc4 Qa4 43. Bf1 Be6 44. Qd1 Qd7 45. Qe2 Kf8 46. Qe1 Ke8 47. Be2 Kd8 48. Bf1 Kc7 49. Qe2 Qa4 50. Nf5 Bxf5 51. exf5 e4 52. fxe4 Qxe4+ 53. Qxe4 Nxe4 54. Kg2 Kd6 55. Bd3 Ng5 56. Bc4 Ne4 57. Bg8 Ke5 58. h4 Nd6 59. Kf3 Nxf5 60. h5 b5 61. Bh7 b4 62. cxb4 cxb4 63. Bg6 Nd4+ 64. Kg4 f5+ 65. Kg5 Nf3+ 66. Kh6 Kf6 67. Kh7 Ne5 68. Be8 f3 69. Bb5 Ng4 70. Kg8 Kg5 71. Kf7 Ne3 72. Ke6 Nxc2 0-1

[Event "YUG-chT"]
[Site "?"]
[Date "1998.??.??"]
[Round "4"]
[White "Markovic Miroslav"]
[Black "Ivanovic Bozidar"]
[Result "1-0"]
[WhiteElo "2540"]
[BlackElo "2515"]
[PlyCount "77"]
[EventDate "1998.??.??"]
[Source "www.chesslib.no"]
[SourceDate "2004.05.04"]

1. e4 e5 2. Nf3 Nf6 3. Nc3 Nc6 4. Bb5 Bb4 5. O-O O-O 6. d3 d6 7. Bg5 Bxc3 8. bxc3 Ne7 9. Nh4 Ng6 10. Nxg6 fxg6 11. Bc4+ Kh8 12. Qd2 h6 13. Be3 Ng4 14. f4 Qh4 15. g3 Qe7 16. Kg2 exf4 17. Bxf4 g5 18. h3 gxf4 19. hxg4 f3+ 20. Rxf3 Bxg4 21. Rf4 Be6 22. Bxe6 Qxe6 23. c4 Rxf4 24. Qxf4 b6 25. a4 a5 26. Rb1 Kg8 27. Rb5 Rf8 28. Rf5 Rxf5 29. Qxf5 Qxf5 30. exf5 Kf7 31. Kf3 Kf6 32. Kf4 Ke7 33. Ke4 Kf6 34. Kf4 h5 35. g4 g5+ 36. fxg6 h4 37. Kf3 Kxg6 38. Kg2 Kf6 39. Kh3 1-0

[Event "It (open) \"]
[Site "Minsk (Belarus)"]
[Date "2007.07.12"]
[Round "3"]
[White "Kislinsky Alexey (UKR)"]
[Black "Kurnosov Igor (RUS)"]
[Result "0-1"]
[WhiteElo "2472"]
[BlackElo "2579"]
[PlyCount "112"]
[EventDate "2007.??.??"]
[Source "www.chesslib.no"]
[SourceDate "2004.05.04"]

1. e4 e5 2. Nc3 Nf6 3. Nf3 Nc6 4. Bb5 Bb4 5. O-O O-O 6. d3 d6 7. Bg5 Bxc3 8. bxc3 Ne7 9. Qe1 Ng6 10. Nh4 Nf4 11. d4 Ne6 12. f4 exf4 13. Bxf6 Qxf6 14. Rb1 Ng5 15. Kh1 Be6 16. Bd3 Rfe8 17. Qd2 Nxe4 18. Bxe4 Qxh4 19. Rxf4 Qh6 20. d5 f5 21. Bf3 Bd7 22. g3 b5 23. c4 a6 24. Qc3 g5 25. Rd4 g4 26. Bg2 Qe3 27. Rd3 Qe5 28. c5 Qxc3 29. Rxc3 dxc5 30. Rxc5 Rac8 31. c4 Kf7 32. cxb5 Bxb5 33. h3 Ke7 34. hxg4 Kd6 35. Rc3 fxg4 36. Rb4 h5 37. a4 Bd7 38. Bf1 a5 39. Rb7 Re1 40. Kg2 Bxa4 41. Ra7 Rb8 42. Kf2 Rd1 43. Bd3 Rb2+ 44. Ke3 Ke5 45. Ba6 Re1+ 46. Kd3 Rd1+ 47. Ke3 Re1+ 48. Kd3 Bb5+ 49. Bxb5 Rxb5 50. Raxc7 Rxd5+ 51. Kc2 Re2+ 52. Kb3 Red2 53. Rh7 R2d3 54. Rxh5+ Ke4 55. Rxd3 Rxd3+ 56. Kc4 Ra3 0-1

[Event "Schoeneck"]
[Site "Schoeneck"]
[Date "1996.??.??"]
[Round "3"]
[White "Slobodjan, Roman"]
[Black "Klovans, Janis"]
[Result "1-0"]
[WhiteElo "2520"]
[BlackElo "2530"]
[PlyCount "111"]
[EventDate "1996.10.23"]
[Source "ChessBase"]

1. e4 e5 2. Nf3 Nc6 3. Nc3 Nf6 4. Bb5 Bb4 5. Bxc6 dxc6 6. d3 Nd7 7. O-O O-O 8. Nd2 Re8 9. Nc4 Nf8 10. f4 exf4 11. Bxf4 Ng6 12. Bd2 Be6 13. Ne3 Bd6 14. Nf5 Be5 15. Qh5 c5 16. Rad1 Qd7 17. b3 b5 18. Ne2 b4 19. Be3 Qc6 20. Kh1 a5 21. Ng1 a4 22. Nf3 Bxf5 23. exf5 Nf4 24. Bxf4 Bxf4 25. Qg4 Be3 26. Rde1 axb3 27. axb3 h6 28. Re2 Bd4 29. Rxe8+ Rxe8 30. Nd2 Ra8 31. Ne4 Ra2 32. h3 Bf6 33. Qe2 Kh7 34. Qf3 Kh8 35. Re1 Ra1 36. Rxa1 Bxa1 37. g4 Bd4 38. Kg2 Qa8 39. h4 Qa1 40. Qf1 Qa2 41. Qd1 Kg8 42. g5 g6 43. fxg6 fxg6 44. gxh6 Kh7 45. Qc1 c4 46. dxc4 Qa1 47. Qxa1 Bxa1 48. Nc5 Bd4 49. Ne6 Bb6 50. c5 Ba7 51. c6 Bb6 52. Kf3 Kxh6 53. Ke4 Kh5 54. Nf4+ Kh6 55. Nd5 Ba5 56. Kd4 1-0

[Event "Moscow RUS"]
[Site "?"]
[Date "2006.05.08"]
[Round "7"]
[White "Sambuev Bator"]
[Black "Afromeev Vladimir"]
[Result "1/2-1/2"]
[WhiteElo "2489"]
[BlackElo "2558"]
[PlyCount "84"]
[EventDate "2006.??.??"]
[Source "www.chesslib.no"]
[SourceDate "2004.05.04"]

1. e4 e5 2. Nf3 Nf6 3. Nc3 Nc6 4. Bb5 Bb4 5. O-O O-O 6. d3 d6 7. Bg5 Bxc3 8. bxc3 Qe7 9. Re1 Nd8 10. d4 Ne6 11. Bh4 Nf4 12. Bg5 Ne6 13. Bc1 c5 14. Bf1 Rd8 15. d5 Nf8 16. g3 Ng6 17. a4 h6 18. Bg2 Bg4 19. Qd3 Qd7 20. Qb5 Qxb5 21. axb5 a5 22. bxa6 Rxa6 23. Rxa6 bxa6 24. Nd2 Bd7 25. Bf1 Bb5 26. Nc4 Kf8 27. f3 Bxc4 28. Bxc4 a5 29. Be3 Ke7 30. Ra1 Ra8 31. Bb5 Nd7 32. h4 Nb6 33. Kf2 Nf8 34. Ke2 Nfd7 35. c4 Ra7 36. Kd3 Nf6 37. g4 Nfd7 38. Bd2 a4 39. Kc3 Nf8 40. h5 Nh7 41. Kb2 Ng5 42. Bxg5+ hxg5 1/2-1/2

[Event "Serbian-ch 29th"]
[Site "Sabac"]
[Date "1998.04.27"]
[Round "8"]
[White "Markovic, Miroslav"]
[Black "Tosic, Miroslav"]
[Result "1/2-1/2"]
[WhiteElo "2540"]
[BlackElo "2505"]
[PlyCount "149"]
[EventDate "1998.04.20"]
[Source "ChessBase"]
[SourceDate "1998.08.06"]

1. e4 e5 2. Nf3 Nc6 3. Bb5 Nf6 4. Nc3 Bb4 5. O-O O-O 6. d3 Re8 7. Bg5 a6 8. Ba4 b5 9. Bb3 Be7 10. a3 d6 11. h3 Be6 12. Re1 Bxb3 13. cxb3 Nd4 14. Rc1 Rc8 15. b4 Nxf3+ 16. Qxf3 c6 17. Rc2 h6 18. Bh4 Nh7 19. Bxe7 Qxe7 20. Rec1 Qb7 21. Qg4 Nf6 22. Qf5 Nd7 23. h4 g6 24. Qh3 h5 25. Qe3 Nf6 26. Ne2 d5 27. Ng3 d4 28. Qh6 Re6 29. Rc5 Nd7 30. R5c2 Qb6 31. Nf1 Qd8 32. g3 Nf6 33. Nd2 a5 34. bxa5 Ng4 35. Qg5 Qxa5 36. Nb3 Qa7 37. Qd2 Kg7 38. Qe2 Rf6 39. f3 Ne3 40. Rc5 Re6 41. Nd2 Rb8 42. f4 b4 43. a4 Qxa4 44. Nf3 Ng4 45. fxe5 b3 46. Qd2 Rb5 47. Rxc6 Rxc6 48. Rxc6 Rxe5 49. Rc4 Qa7 50. Nxe5 Nxe5 51. Kg2 Nxc4 52. dxc4 Qc5 53. Qd3 Qe5 54. Kf3 Qf6+ 55. Ke2 Qe5 56. Kd1 Kg8 57. Kd2 Qa5+ 58. Ke2 Qe5 59. Kd1 Kh7 60. Qf3 Qe6 61. Qd3 Qe5 62. Kd2 Qa5+ 63. Ke2 Qe5 64. Kd1 Kg8 65. c5 Qxc5 66. Qxb3 Qe5 67. Qd3 Qc5 68. b3 Qa3 69. Qc2 Qa1+ 70. Kd2 Qg1 71. Qd3 Qf2+ 72. Kc1 Qe1+ 73. Kc2 Qf2+ 74. Kd1 Qg1+ 75. Kc2 1/2-1/2

[Event "Madrid"]
[Site "Madrid"]
[Date "1973.??.??"]
[Round "13"]
[White "Kaplan, Julio P"]
[Black "Hort, Vlastimil"]
[Result "1/2-1/2"]
[WhiteElo "2455"]
[BlackElo "2590"]
[PlyCount "52"]
[EventDate "1973.??.??"]
[Source "ChessBase"]

1. e4 e5 2. Nc3 Nf6 3. Nf3 Nc6 4. Bb5 Bb4 5. O-O O-O 6. Bxc6 dxc6 7. Nxe5 Re8 8. Nd3 Bxc3 9. dxc3 Nxe4 10. Qf3 Qf6 11. Qxf6 Nxf6 12. Bg5 Bf5 13. Bxf6 gxf6 14. Rfe1 a5 15. f3 Kf8 16. Kf2 a4 17. Rxe8+ Rxe8 18. Re1 Rd8 19. g4 Be6 20. a3 Rd5 21. Re4 Ra5 22. Nf4 Ba2 23. Ke3 Rb5 24. Nd3 Ra5 25. Rd4 Bd5 26. Nf4 Ke7 1/2-1/2

[Event "Ciocaltea mem"]
[Site "Bucharest"]
[Date "1995.??.??"]
[Round "7"]
[White "Istratescu, Andrei"]
[Black "Ionescu, Constantin"]
[Result "1/2-1/2"]
[WhiteElo "2505"]
[BlackElo "2535"]
[PlyCount "21"]
[EventDate "1995.02.??"]
[Source "ChessBase"]

1. e4 e5 2. Nc3 Nf6 3. Nf3 Nc6 4. Bb5 Bb4 5. O-O O-O 6. d3 Bxc3 7. bxc3 d6 8. Re1 h6 9. d4 Bd7 10. Rb1 b6 11. h3 1/2-1/2

[Event "Lone Pine"]
[Site "Lone Pine"]
[Date "1980.??.??"]
[Round "5"]
[White "Kaplan, Julio P"]
[Black "Gligoric, Svetozar"]
[Result "0-1"]
[WhiteElo "2475"]
[BlackElo "2565"]
[PlyCount "90"]
[EventDate "1980.03.??"]
[Source "ChessBase"]

1. e4 e5 2. Nc3 Nf6 3. Nf3 Nc6 4. Bb5 Bb4 5. O-O O-O 6. d3 d6 7. Bg5 Bxc3 8. bxc3 Qe7 9. Re1 Nd8 10. d4 Bg4 11. h3 Bh5 12. Bh4 h6 13. g4 Bg6 14. Bd3 Re8 15. d5 b6 16. Kh2 Nb7 17. g5 hxg5 18. Bxg5 Bh5 19. Re3 Qf8 20. Bxf6 gxf6 21. Bb5 Red8 22. Qg1+ Kh7 23. Bc6 Rab8 24. Bxb7 Rxb7 25. Nh4 Qh6 26. Nf5 Qf4+ 27. Qg3 Rbb8 28. Qxf4 exf4 29. Ree1 Rg8 30. Nh4 Rbe8 31. Ng2 Bf3 32. Nxf4 Bxe4 33. Re2 Re5 34. c4 Rge8 35. Rg1 Bg6 36. Rd2 Rg5 37. Rxg5 fxg5 38. Ne2 Kg7 39. Nd4 a6 40. f3 Re3 41. Kg3 Rc3 42. h4 gxh4+ 43. Kxh4 Kf6 44. f4 Rxc4 45. Kg4 Be4 0-1